000 00435nam a2200157 i 4500
001 64904
003 ES-MaACL
005 20230906165241.0
007 t|
008 040107s1956 sp ||||1| spa d
100 1 _aFosar Bayarri, Arturo.
_951888
245 1 3 _aEl protestantismo /
_cArturo Fosar Bayarri.
260 _aMadrid :
_bApostolado de la Prensa,
_c1956.
300 _a168 p. ;
_c17 cm.
852 _aES-MaACL
_jC-12126
_bR.40107
999 _c64904
_d64904